Sphagnum-Dwelling Testate Amoebae in Bulgaria (Record no. 52799)

MARC details
000 -LEADER
fixed length control field 01425nam a2200253Ia 4500
000 - LEADER
fixed length control field 01736naaa 00325uu
001 - CONTROL NUMBER
control field https://directory.doabooks.org/handle/20.500.12854/59839
005 - DATE AND TIME OF LATEST TRANSACTION
control field 20260218110009.0
008 - FIXED-LENGTH DATA ELEMENTS--GENERAL INFORMATION
fixed length control field 211013s9999 xx 000 0 und d
020 ## - INTERNATIONAL STANDARD BOOK NUMBER
International Standard Book Number 9789546429735
024 ## - OTHER STANDARD IDENTIFIER
Standard number or code https://doi.org/10.3897/ab.e38685
042 ## - AUTHENTICATION CODE
Authentication code dc
245 #0 - TITLE STATEMENT
Title Sphagnum-Dwelling Testate Amoebae in Bulgaria
260 ## - PUBLICATION, DISTRIBUTION, ETC.
Name of publisher, distributor, etc. Pensoft Publishers
Date of publication, distribution, etc. 2019
300 ## - PHYSICAL DESCRIPTION
Extent 1 electronic resource (287 p.)
520 ## - SUMMARY, ETC.
Summary, etc. The aim of this atlas is to present summarised information and to illustrate comprehensively the shell morphology and structure of the majority of recorded? Sphagnum-dwelling testate amoebae in Bulgaria (a total of 120 species, each of them illustrated with 9 LM and SEM photos). Since most of these species appear to be widely distributed in Europe, as well as in many other regions of the world, the atlas may be of interest to all researchers on testate amoebae and can also be used by specialists in ecology, hydrobiology, palaeoecology and environmental monitoring.
540 ## - TERMS GOVERNING USE AND REPRODUCTION NOTE
Terms governing use and reproduction All rights reserved
653 ## - INDEX TERM--UNCONTROLLED
Uncontrolled term biometry
700 1# - ADDED ENTRY--PERSONAL NAME
Personal name Milcho Todorov
700 1# - ADDED ENTRY--PERSONAL NAME
Personal name Nikola Bankov
856 ## - ELECTRONIC LOCATION AND ACCESS
Uniform Resource Identifier <a href="https://docs.google.com/spreadsheets/d/1yKIrdCPDAG_9c22mwoOIO2DOhtj65Wqa/edit?usp=sharing&ouid=106555315294820607512&rtpof=true&sd=true ">https://docs.google.com/spreadsheets/d/1yKIrdCPDAG_9c22mwoOIO2DOhtj65Wqa/edit?usp=sharing&ouid=106555315294820607512&rtpof=true&sd=true </a>
Link text List of Curated E-Books
942 ## - ADDED ENTRY ELEMENTS (KOHA)
Koha item type E-Book
Holdings
Withdrawn status Source of classification or shelving scheme Damaged status Not for loan Home library Current library Date acquired Total Checkouts Date last seen Price effective from Koha item type
  Library of Congress Classification   Not For Loan Directory of Open Access Books Directory of Open Access Books 12/22/2021   12/22/2021 12/22/2021 E-Book

University of Rizal System
Email us at univlibservices@urs.edu.ph

Visit our Website www.urs.edu.ph/library